00701nam a2200193Ia 4500003000900000008004100009020002200050040001600072080003400088100003400122245010300156260003700259300001700296650001600313650002200329942000700351999001700358952013200375IN-BaIIA211028s9999 xx 000 0 eng d a978-0-547-31727-4 cIIA Library a/ WEA bWEA aWeatherall, James Owen935981 4aThe Physics of wall streetba brief history of predicting the unpredictablecJames Owen Weatherall aNew YorkbHoughton Mifflinc2013 axviii, 286p. aPhysics973 aSecurities935982 cBK c18814d18814 00104070aBANbBANcGENd2013-11-20eANJ g1718.00l0o336:53/ WEAp19736r2021-11-05v1718.00w2013-11-20yBKGRs. 1718.00